The impact of organizational culture on innovative behavior in multinational organizations / (رقم التسجيلة. 179290)

تفاصيل مارك
000 -LEADER
fixed length control field 04530namaa22004331i 4500
003 - CONTROL NUMBER IDENTIFIER
control field EG-GICUC
005 - أخر تعامل مع التسجيلة
control field 20260422115938.0
008 - FIXED-LENGTH DATA ELEMENTS--GENERAL INFORMATION
fixed length control field 260407s2025 ua a|||frm||| 000 0 eng d
040 ## - CATALOGING SOURCE
Original cataloguing agency EG-GICUC
Language of cataloging eng
Transcribing agency EG-GICUC
Modifying agency EG-GICUC
Description conventions rda
041 0# - LANGUAGE CODE
Language code of text/sound track or separate title eng
Language code of summary or abstract eng
-- ara
049 ## - Acquisition Source
Acquisition Source Deposit
082 04 - DEWEY DECIMAL CLASSIFICATION NUMBER
Classification number 302.35
092 ## - LOCALLY ASSIGNED DEWEY CALL NUMBER (OCLC)
Classification number 302.35
Edition number 21
097 ## - Degree
Degree Ph.D
099 ## - LOCAL FREE-TEXT CALL NUMBER (OCLC)
Local Call Number Cai01.05.01.Ph.D.2025.Am.I
100 0# - MAIN ENTRY--PERSONAL NAME
Authority record control number or standard number Amany Magdy Eissa,
Preparation preparation.
245 14 - TITLE STATEMENT
Title The impact of organizational culture on innovative behavior in multinational organizations /
Statement of responsibility, etc. by Amany Magdy Eissa ; Supervision Prof. Dr. Abd Elazez Hashem, Dr. Hend Mohamed Naguib.
246 15 - VARYING FORM OF TITLE
Title proper/short title أثر الثقافة التنظيمية على السلوك الابتكاري في المنظمات متعددة الجنسيات
264 #0 - PRODUCTION, PUBLICATION, DISTRIBUTION, MANUFACTURE, AND COPYRIGHT NOTICE
Date of production, publication, distribution, manufacture, or copyright notice 2025.
300 ## - PHYSICAL DESCRIPTION
Extent 124 Leaves :
Other physical details illustrations ;
Dimensions 30 cm. +
Accompanying material CD.
336 ## - CONTENT TYPE
Content type term text
Source rda content
337 ## - MEDIA TYPE
Media type term Unmediated
Source rdamedia
338 ## - CARRIER TYPE
Carrier type term volume
Source rdacarrier
502 ## - DISSERTATION NOTE
Dissertation note Thesis (Ph.D)-Cairo University, 2025.
504 ## - BIBLIOGRAPHY, ETC. NOTE
Bibliography, etc. note Bibliography: pages 116-250.
520 #3 - SUMMARY, ETC.
Summary, etc. Purpose: This study aimed to identify the impact of organizational culture on <br/>innovative behavior in multinational banks. <br/>Methodology: The descriptive research method was used, and a questionnaire <br/>was designed. The data required for the study were collected through a stratified <br/>probability sample, and the answers of 601 bank employees were completed. The <br/>structural equation modeling technique was used to analyze the data thoroughly to <br/>determine the level of the relationship between organizational culture and innovative <br/>behavior based on the statistical program SPSS V.26 and LISREL8.80. <br/>Results: The results indicate that organizational culture partially affects <br/>innovative behavior. The results show that innovative and bureaucratic cultures <br/>positively affect innovative behavior, while supportive culture has no significant <br/>effect. <br/>Scientific originality: This study focused on examining the actual role of <br/>organizational culture and how it affects innovative behavior in multinational bank’s <br/>works in Egyptian banking sector
520 #3 - SUMMARY, ETC.
Summary, etc. الهدف: هدفت هذه الدراسة إلى التعرف على أثر الثقافة التنظيمية على السلوك الابتكاري في البنوك متعددة الجنسيات العاملة في القطاع المصرفي المصري.<br/>المنهجية: تم الاعتماد على المنهج الوصفي، واستخدام أسلوب العينات الاحتمالية، وبالاعتماد على العينات الطبقية في جمع 601 استجابة من مفردات المجتمع، كما تم استخدام أسلوب نمذجة المعادلات الهيكلية لتحليل البيانات لتحديد مستوى العلاقة بين الثقافة التنظيمية والسلوك الابتكاري استنادا إلى البرنامج الإحصائي SPSS V.26 وLISREL8.80.<br/>النتائج: تشير النتائج إلى أن الثقافة التنظيمية تؤثر جزئياً على السلوك الابتكاري، مما أوضح ان الثقافة المبتكرة والثقافة البيروقراطية تؤثران بشكل إيجابي على السلوك الابتكاري، في حين أن الثقافة الداعمة ليس لها تأثير معنوي.<br/>الأصالة العلمية: ركزت هذه الدراسة على التحقيق في الدور الفعلي للثقافة التنظيمية في البنوك. كما هدفت الدراسة إلى سد الفجوة العلمية في الأدبيات من خلال دراسة تأثير الثقافة التنظيمية على السلوك الابتكاري.
530 ## - ADDITIONAL PHYSICAL FORM AVAILABLE NOTE
Issues CD Issues also as CD.
546 ## - LANGUAGE NOTE
Text Language Text in English and abstract in Arabic & English.
650 #0 - SUBJECT ADDED ENTRY--TOPICAL TERM
Topical term or geographic name entry element Organizational Culture
650 #0 - SUBJECT ADDED ENTRY--TOPICAL TERM
Topical term or geographic name entry element الثقافة التنظيمية
653 #1 - INDEX TERM--UNCONTROLLED
Uncontrolled term Organizational culture
-- Innovative culture
-- Bureaucratic culture
-- Supportive culture
-- Innovative behavior
-- الثقافة التنظيمية
-- الثقافة الابتكارية
700 0# - ADDED ENTRY--PERSONAL NAME
Personal name Abd Elazez Hashem
Relator term thesis advisor.
700 0# - ADDED ENTRY--PERSONAL NAME
Personal name Hend Mohamed Naguib
Relator term thesis advisor.
900 ## - Thesis Information
Grant date 01-01-2025
Supervisory body Abd Elazez Hashem
-- Hend Mohamed Naguib
Universities Cairo University
Faculties Faculty of Commerce
Department Department of Business Administration
905 ## - Cataloger and Reviser Names
Cataloger Name Shimaa
Reviser Names Eman Ghareb
942 ## - ADDED ENTRY ELEMENTS (KOHA)
Source of classification or shelving scheme Dewey Decimal Classification
Koha item type Thesis
Edition 21
Suppress in OPAC No
المقتنيات
Source of classification or shelving scheme Home library Current library Date acquired Inventory number Full call number Barcode Date last seen Effective from Koha item type
Dewey Decimal Classification المكتبة المركزبة الجديدة - جامعة القاهرة قاعة الرسائل الجامعية - الدور الاول 07.04.2026 93694 Cai01.05.01.Ph.D.2025.Am.I 01010110093694000 07.04.2026 07.04.2026 Thesis
Cairo University Libraries Portal Implemented & Customized by: Eng. M. Mohamady Contacts: new-lib@cl.cu.edu.eg | cnul@cl.cu.edu.eg
CUCL logo CNUL logo
© All rights reserved — Cairo University Libraries
CUCL logo
Implemented & Customized by: Eng. M. Mohamady Contact: new-lib@cl.cu.edu.eg © All rights reserved — New Central Library
CNUL logo
Implemented & Customized by: Eng. M. Mohamady Contact: cnul@cl.cu.edu.eg © All rights reserved — Cairo National University Library